Largest Countries Containing 'U' - Statistics

General Stats
  • This quiz has been taken 530 times
  • The average score is 14 of 20
Answer Stats
km Country mi % Correct
9,526,468 United States 3,678,190
99%
17,098,242 Russia 6,601,668
96%
7,692,024 Australia 2,969,907
90%
603,500 Ukraine 233,000
85%
447,400 Uzbekistan 172,700
84%
1,221,037 South Africa 471,445
82%
1,886,068 Sudan 728,215
81%
2,149,690 Saudi Arabia 830,000
80%
783,562 Turkey 302,535
80%
619,745 South Sudan 239,285
78%
2,344,858 D.R. Congo 905,355
76%
1,285,216 Peru 496,225
70%
488,100 Turkmenistan 188,500
70%
916,445 Venezuela 353,841
67%
1,030,700 Mauritania 398,000
58%
406,752 Paraguay 157,048
55%
622,984 C.A.R. 240,535
52%
462,840 P.N.G. 178,700
49%
801,590 Mozambique 309,500
45%
676,578 Burma 261,228
35%
No matching quizzes found
Score Distribution
Percent of People with Each Score
Percentile by Number Answered
Your Score History
You have not taken this quiz